[Event "DEM U14w 2023"]
[Site "Willingen GER"]
[Date "2023.05.28"]
[Round "1"]
[White "Trunz, Tamila"]
[Black "Kopylov, Diana"]
[Result "1-0"]
[Termination "normal"]
[Board "6"]
[WhiteElo "1697"]
[BlackElo "1378"]
[WhiteClock "00:25:55"]
[BlackClock "00:00:46"]
[PlyCount "59"]
[WhiteFideId "16267885"]
[BlackFideId "16268865"]
[EventCountry "GER"]
[EventRounds "9"]
[EventType "swiss"]
[EventDate "2023.05.27"]

1. e4 {[%clk 01:30:57] [%emt 00:00:02]} 1... c5 {[%clk 01:30:55] [%emt
00:00:06]} 2. Nf3 {[%clk 01:31:23] [%emt 00:00:04]} 2... d6 {[%clk 01:31:19]
[%emt 00:00:05]} 3. d4 {[%clk 01:31:49] [%emt 00:00:05]} 3... cxd4 {[%clk
01:31:44] [%emt 00:00:05]} 4. Nxd4 {[%clk 01:32:14] [%emt 00:00:05]} 4... Nf6
{[%clk 01:32:08] [%emt 00:00:06]} 5. Nc3 {[%clk 01:32:39] [%emt 00:00:05]} 5...
g6 {[%clk 01:32:32] [%emt 00:00:06]} 6. Be3 {[%clk 01:32:49] [%emt 00:00:20]}
6... Bg7 {[%clk 01:32:54] [%emt 00:00:08]} 7. f3 {[%clk 01:33:06] [%emt
00:00:13]} 7... O-O {[%clk 01:33:15] [%emt 00:00:08]} 8. Qd2 {[%clk 01:33:18]
[%emt 00:00:19]} 8... Nc6 {[%clk 01:33:37] [%emt 00:00:08]} 9. O-O-O {[%clk
01:33:05] [%emt 00:00:42]} 9... d5 {[%clk 01:33:28] [%emt 00:00:40]} 10. exd5
{[%clk 01:28:47] [%emt 00:04:48]} 10... Nxd5 {[%clk 01:33:12] [%emt 00:00:46]}
11. Nxc6 {[%clk 01:27:10] [%emt 00:02:07]} 11... bxc6 {[%clk 01:33:32] [%emt
00:00:09]} 12. Bd4 {[%clk 01:26:05] [%emt 00:01:36]} 12... Bxd4 {[%clk
01:31:53] [%emt 00:02:09]} 13. Qxd4 {[%clk 01:26:08] [%emt 00:00:27]} 13... Qb6
{[%clk 01:31:46] [%emt 00:00:36]} 14. Na4 {[%clk 01:22:04] [%emt 00:04:35]}
14... Qxd4 {[%clk 01:29:24] [%emt 00:02:51]} 15. Rxd4 {[%clk 01:22:05] [%emt
00:00:29]} 15... Nb6 {[%clk 01:26:45] [%emt 00:03:09]} 16. Nc5 {[%clk 01:20:55]
[%emt 00:01:41]} 16... Nd5 {[%clk 01:13:45] [%emt 00:13:29]} 17. Rd2 {[%clk
01:04:41] [%emt 00:16:44]} 17... h5 {[%clk 00:48:11] [%emt 00:26:03]} 18. h3
{[%clk 01:04:11] [%emt 00:01:01]} 18... Ne3 {[%clk 00:33:30] [%emt 00:15:10]}
19. g4 {[%clk 00:59:46] [%emt 00:04:56]} 19... h4 {[%clk 00:25:55] [%emt
00:08:04]} 20. Bd3 {[%clk 00:58:53] [%emt 00:01:23]} 20... Nd5 {[%clk 00:14:53]
[%emt 00:11:33]} 21. Be4 {[%emt 00:06:00]} 21... e6 {[%clk 00:12:53] [%emt
00:02:27]} 22. c4 {[%clk 00:48:52] [%emt 00:05:03]} 22... Ne7 {[%clk 00:08:33]
[%emt 00:04:50]} 23. Rhd1 {[%clk 00:43:05] [%emt 00:06:18]} 23... f5 {[%clk
00:04:57] [%emt 00:04:05]} 24. Bc2 {[%clk 00:41:57] [%emt 00:01:38]} 24... Rf6
{[%clk 00:03:46] [%emt 00:01:41]} 25. Rd8+ {[%clk 00:38:35] [%emt 00:03:52]}
25... Kg7 {[%clk 00:03:11] [%emt 00:01:04]} 26. Nd7 {[%clk 00:31:31] [%emt
00:07:35]} 26... Rf7 {[%clk 00:02:33] [%emt 00:01:08]} 27. g5 {[%clk 00:30:38]
[%emt 00:01:23]} 27... Ng8 {[%clk 00:00:39] [%emt 00:02:24]} 28. Ne5 {[%clk
00:30:33] [%emt 00:00:33]} 28... Rb7 {[%clk 00:00:41] [%emt 00:00:29]} 29. Nxc6
{[%clk 00:29:52] [%emt 00:01:10]} 29... Rc7 {[%clk 00:00:46] [%emt 00:00:27]}
30. Ne5 {[%clk 00:25:55] [%emt 00:04:27]} 1-0

[Event "DEM U14w 2023"]
[Site "Willingen GER"]
[Date "2023.05.28"]
[Round "1"]
[White "Vogt, Luna"]
[Black "Lorenz, Veronika"]
[Result "0-1"]
[Termination "normal"]
[Board "7"]
[WhiteElo "1345"]
[BlackElo "1584"]
[WhiteClock "00:02:48"]
[BlackClock "00:05:50"]
[PlyCount "60"]
[WhiteFideId "34607153"]
[BlackFideId "16277406"]
[EventCountry "GER"]
[EventRounds "9"]
[EventType "swiss"]
[EventDate "2023.05.27"]

1. d4 {[%clk 01:30:58] [%emt 00:00:02]} 1... Nf6 {[%clk 01:30:51] [%emt
00:00:09]} 2. c4 {[%clk 01:31:05] [%emt 00:00:23]} 2... g6 {[%clk 01:31:20]
[%emt 00:00:02]} 3. Nc3 {[%clk 01:31:28] [%emt 00:00:06]} 3... Bg7 {[%clk
01:31:49]} 4. e4 {[%clk 01:31:46] [%emt 00:00:14]} 4... O-O {[%clk 01:32:14]
[%emt 00:00:05]} 5. Nf3 {[%clk 01:32:07] [%emt 00:00:08]} 5... d6 {[%clk
01:32:38] [%emt 00:00:06]} 6. Be2 {[%clk 01:32:32] [%emt 00:00:05]} 6... Nbd7
{[%clk 01:32:47] [%emt 00:00:22]} 7. O-O {[%clk 01:32:42] [%emt 00:00:20]} 7...
e5 {[%clk 01:32:58] [%emt 00:00:19]} 8. Be3 {[%clk 01:32:27] [%emt 00:00:45]}
8... Kh8 {[%clk 01:19:52] [%emt 00:13:36]} 9. Qc2 {[%clk 01:27:12] [%emt
00:05:45]} 9... Qe7 {[%clk 01:16:49] [%emt 00:03:32]} 10. d5 {[%clk 01:25:16]
[%emt 00:02:27]} 10... a5 {[%clk 01:16:38] [%emt 00:00:41]} 11. a3 {[%clk
01:23:35] [%emt 00:02:11]} 11... Ng8 {[%clk 01:13:17] [%emt 00:03:50]} 12. Nd2
{[%clk 01:19:29] [%emt 00:04:36]} 12... f5 {[%clk 01:12:57] [%emt 00:00:50]}
13. f3 {[%clk 01:19:27] [%emt 00:00:32]} 13... f4 {[%clk 01:13:01] [%emt
00:00:32]} 14. Bf2 {[%clk 01:19:49] [%emt 00:00:02]} 14... Ndf6 {[%clk
01:10:49] [%emt 00:02:42]} 15. b4 {[%clk 01:19:34] [%emt 00:00:45]} 15... g5
{[%clk 01:03:10] [%emt 00:08:08]} 16. c5 {[%clk 01:16:52] [%emt 00:03:13]}
16... g4 {[%clk 01:00:31] [%emt 00:03:09]} 17. cxd6 {[%clk 01:13:16] [%emt
00:04:06]} 17... cxd6 {[%clk 00:58:44] [%emt 00:02:17]} 18. Nb5 {[%clk
01:03:56] [%emt 00:09:50]} 18... axb4 {[%clk 00:52:19] [%emt 00:06:56]} 19.
axb4 {[%clk 01:01:09] [%emt 00:03:17]} 19... Rxa1 {[%clk 00:52:43] [%emt
00:00:05]} 20. Rxa1 {[%clk 01:01:26] [%emt 00:00:13]} 20... Nh6 {[%clk
00:51:27] [%emt 00:01:46]} 21. Rc1 {[%clk 00:44:10] [%emt 00:17:45]} 21... Nh5
{[%clk 00:26:07] [%emt 00:25:51]} 22. Nf1 {[%clk 00:36:25] [%emt 00:08:15]}
22... Bd7 {[%clk 00:21:57] [%emt 00:04:40]} 23. Qc7 {[%clk 00:28:26] [%emt
00:08:29]} 23... g3 {[%clk 00:21:25] [%emt 00:01:02]} 24. hxg3 {[%clk 00:28:07]
[%emt 00:00:48]} 24... fxg3 {[%clk 00:21:54] [%emt 00:00:02]} 25. Be3 {[%clk
00:26:01] [%emt 00:02:36]} 25... Nf4 {[%clk 00:13:55] [%emt 00:08:28]} 26. Nxg3
{[%clk 00:17:33] [%emt 00:08:59]} 26... Qg5 {[%clk 00:05:44] [%emt 00:08:38]}
27. Bf1 {[%clk 00:04:43] [%emt 00:13:23]} 27... Bxb5 {[%clk 00:05:10] [%emt
00:01:04]} 28. Bxf4 {[%clk 00:04:11] [%emt 00:01:01]} 28... exf4 {[%clk
00:05:17] [%emt 00:00:23]} 29. Bxb5 {[%clk 00:02:35] [%emt 00:02:07]} 29...
Qxg3 {[%clk 00:05:26] [%emt 00:00:20]} 30. Qxb7 {[%clk 00:02:48] [%emt
00:00:17]} 30... Bd4+ {[%clk 00:05:50] [%emt 00:00:06]} 0-1

[Event "DEM U14w 2023"]
[Site "Willingen GER"]
[Date "2023.05.28"]
[Round "1"]
[White "Müller, Cosima"]
[Black "Chandrasekher, Ritu"]
[Result "1-0"]
[Termination "normal"]
[Board "8"]
[WhiteElo "1521"]
[BlackElo "1268"]
[WhiteClock "00:27:35"]
[BlackClock "00:48:54"]
[PlyCount "115"]
[WhiteFideId "34601490"]
[BlackFideId "34609024"]
[EventCountry "GER"]
[EventRounds "9"]
[EventType "swiss"]
[EventDate "2023.05.27"]

1. e4 {[%clk 01:30:58] [%emt 00:00:02]} 1... c6 {[%clk 01:30:50] [%emt
00:00:11]} 2. d4 {[%clk 01:31:14] [%emt 00:00:14]} 2... d5 {[%clk 01:31:11]
[%emt 00:00:08]} 3. exd5 {[%clk 01:31:35] [%emt 00:00:10]} 3... cxd5 {[%clk
01:31:26] [%emt 00:00:15]} 4. Bd3 {[%clk 01:31:41] [%emt 00:00:24]} 4... Nc6
{[%clk 01:31:41] [%emt 00:00:15]} 5. c3 {[%clk 01:32:02] [%emt 00:00:09]} 5...
Nf6 {[%clk 01:31:52] [%emt 00:00:18]} 6. Bf4 {[%clk 01:32:11] [%emt 00:00:21]}
6... Bg4 {[%clk 01:31:53] [%emt 00:00:30]} 7. Qb3 {[%clk 01:32:18] [%emt
00:00:23]} 7... Qc8 {[%clk 01:32:00] [%emt 00:00:23]} 8. Nd2 {[%clk 01:30:35]
[%emt 00:02:13]} 8... e6 {[%clk 01:31:52] [%emt 00:00:38]} 9. Ngf3 {[%clk
01:30:42] [%emt 00:00:23]} 9... Be7 {[%clk 01:31:30] [%emt 00:00:51]} 10. O-O
{[%clk 01:30:16] [%emt 00:00:57]} 10... O-O {[%clk 01:31:31] [%emt 00:00:28]}
11. Rae1 {[%clk 01:26:52] [%emt 00:03:53]} 11... Nh5 {[%clk 01:27:13] [%emt
00:04:50]} 12. Be3 {[%clk 01:22:27] [%emt 00:04:55]} 12... Nf6 {[%clk 01:22:59]
[%emt 00:04:44]} 13. Qc2 {[%clk 01:11:06] [%emt 00:11:51]} 13... Qc7 {[%clk
01:19:32] [%emt 00:03:57]} 14. Bg5 {[%clk 01:05:28] [%emt 00:06:08]} 14... h6
{[%clk 01:16:49] [%emt 00:03:12]} 15. Bh4 {[%clk 01:04:08] [%emt 00:01:51]}
15... Rac8 {[%clk 01:15:18] [%emt 00:02:00]} 16. Bg3 {[%clk 01:01:37] [%emt
00:03:02]} 16... Qb6 {[%clk 01:12:36] [%emt 00:03:12]} 17. Qb1 {[%clk 00:56:15]
[%emt 00:05:52]} 17... Nh5 {[%clk 01:08:57] [%emt 00:04:08]} 18. Be5 {[%clk
00:45:30] [%emt 00:11:16]} 18... Nf6 {[%clk 01:03:04] [%emt 00:06:23]} 19. Bf4
{[%clk 00:42:09] [%emt 00:03:48]} 19... Rfe8 {[%clk 01:01:32] [%emt 00:02:04]}
20. h3 {[%clk 00:41:16] [%emt 00:01:24]} 20... Bh5 {[%clk 01:00:52] [%emt
00:01:10]} 21. Ne5 {[%clk 00:35:39] [%emt 00:06:08]} 21... Bd6 {[%clk 00:54:08]
[%emt 00:07:13]} 22. g4 {[%clk 00:32:31] [%emt 00:03:37]} 22... Bxe5 {[%clk
00:53:24] [%emt 00:01:15]} 23. dxe5 {[%clk 00:32:37] [%emt 00:00:25]} 23...
Nxg4 {[%clk 00:53:27] [%emt 00:00:26]} 24. hxg4 {[%clk 00:32:29] [%emt
00:00:39]} 24... Bxg4 {[%clk 00:53:38] [%emt 00:00:18]} 25. Re3 {[%clk
00:28:31] [%emt 00:04:27]} 25... Qd8 {[%clk 00:49:40] [%emt 00:04:29]} 26. Nf3
{[%clk 00:20:15] [%emt 00:08:45]} 26... d4 {[%clk 00:46:21] [%emt 00:03:50]}
27. cxd4 {[%clk 00:18:42] [%emt 00:02:04]} 27... Nxd4 {[%clk 00:46:11] [%emt
00:00:39]} 28. Nxd4 {[%clk 00:17:12] [%emt 00:02:00]} 28... Qxd4 {[%clk
00:46:11] [%emt 00:00:30]} 29. Bh7+ {[%clk 00:15:56] [%emt 00:01:45]} 29... Kh8
{[%clk 00:45:43] [%emt 00:00:59]} 30. Qe4 {[%clk 00:10:09] [%emt 00:06:13]}
30... Qxe4 {[%clk 00:44:27] [%emt 00:01:50]} 31. Bxe4 {[%clk 00:10:30] [%emt
00:00:09]} 31... Rc4 {[%clk 00:43:30] [%emt 00:01:27]} 32. f3 {[%clk 00:09:54]
[%emt 00:01:07]} 32... Bh3 {[%clk 00:42:43] [%emt 00:01:16]} 33. Rd1 {[%clk
00:09:54] [%emt 00:00:28]} 33... f5 {[%clk 00:41:28] [%emt 00:01:47]} 34. exf6
{[%clk 00:09:54] [%emt 00:00:30]} 34... gxf6 {[%clk 00:40:53] [%emt 00:01:05]}
35. Kh2 {[%clk 00:09:07] [%emt 00:01:15]} 35... e5 {[%clk 00:38:59] [%emt
00:02:27]} 36. Bxh6 {[%clk 00:06:42] [%emt 00:02:54]} 36... Be6 {[%clk
00:38:17] [%emt 00:01:12]} 37. Red3 {[%clk 00:04:07] [%emt 00:03:01]} 37...
Rc2+ {[%clk 00:37:42] [%emt 00:01:09]} 38. R1d2 {[%clk 00:04:16] [%emt
00:00:20]} 38... Rcc8 {[%clk 00:37:13] [%emt 00:01:00]} 39. Bxb7 {[%clk
00:04:18] [%emt 00:00:28]} 39... Rb8 {[%clk 00:36:37] [%emt 00:01:06]} 40. Bd5
{[%clk 00:04:03] [%emt 00:00:44]} 40... Bf5 {[%clk 00:36:10] [%emt 00:00:58]}
41. Be4 {[%clk 00:03:32] [%emt 00:01:00]} 41... Be6 {[%clk 00:35:44] [%emt
00:00:57]} 42. Ra3 {[%clk 00:03:37] [%emt 00:00:25]} 42... Rbc8 {[%clk
00:33:44] [%emt 00:02:30]} 43. Rxa7 {[%clk 00:03:35] [%emt 00:00:32]} 43... f5
{[%clk 00:31:49] [%emt 00:02:24]} 44. Bc2 {[%clk 00:02:41] [%emt 00:01:24]}
44... Rc4 {[%clk 00:31:31] [%emt 00:00:48]} 45. Bg5 {[%clk 00:01:27] [%emt
00:01:45]} 45... Rf8 {[%clk 00:29:34] [%emt 00:02:28]} 46. Rg2 {[%clk 00:01:08]
[%emt 00:00:48]} 46... Rd4 {[%clk 00:28:07] [%emt 00:01:57]} 47. Re7 {[%clk
00:01:06] [%emt 00:00:31]} 47... Rd6 {[%clk 00:28:00] [%emt 00:00:37]} 48. Kg1
{[%clk 00:00:44] [%emt 00:00:52]} 48... Bf7 {[%clk 00:27:17] [%emt 00:01:14]}
49. Ra7 {[%clk 00:28:55] [%emt 00:02:19]} 49... Rg6 {[%clk 00:54:36] [%emt
00:03:12]} 50. Bxf5 {[%clk 00:28:42] [%emt 00:00:43]} 50... Rc6 {[%clk
00:54:47] [%emt 00:00:18]} 51. Rh2+ {[%clk 00:28:44] [%emt 00:00:28]} 51... Kg8
{[%clk 00:54:54] [%emt 00:00:23]} 52. Rh7 {[%clk 00:27:18] [%emt 00:01:51]}
52... Rd6 {[%clk 00:48:24] [%emt 00:07:05]} 53. Bh6 {[%clk 00:26:35] [%emt
00:01:12]} 53... Rxh6 {[%clk 00:48:37] [%emt 00:00:18]} 54. Rxh6 {[%clk
00:26:51] [%emt 00:00:12]} 54... Kg7 {[%clk 00:49:00] [%emt 00:00:09]} 55. Rb6
{[%clk 00:26:49] [%emt 00:00:31]} 55... Rg8 {[%clk 00:48:49] [%emt 00:00:42]}
56. Rg6+ {[%clk 00:26:57] [%emt 00:00:22]} 56... Kf8 {[%clk 00:48:33] [%emt
00:00:46]} 57. Ra8+ {[%clk 00:27:16] [%emt 00:00:11]} 57... Ke7 {[%clk
00:48:54] [%emt 00:00:09]} 58. Rgxg8 {[%clk 00:27:35] [%emt 00:00:13]} 1-0

[Event "DEM U14w 2023"]
[Site "Willingen GER"]
[Date "2023.05.28"]
[Round "1"]
[White "Dodul, Alice"]
[Black "Neininger, Sarah"]
[Result "1-0"]
[Termination "normal"]
[Board "9"]
[WhiteElo "1430"]
[BlackElo "1512"]
[WhiteClock "00:20:11"]
[BlackClock "00:09:12"]
[PlyCount "71"]
[WhiteFideId "34623817"]
[BlackFideId "16287410"]
[EventCountry "GER"]
[EventRounds "9"]
[EventType "swiss"]
[EventDate "2023.05.27"]

1. f4 {[%clk 01:30:57] [%emt 00:00:01]} 1... Nf6 {[%clk 01:30:55] [%emt
00:00:06]} 2. Nf3 {[%clk 01:31:14] [%emt 00:00:13]} 2... g6 {[%clk 01:31:20]
[%emt 00:00:05]} 3. e3 {[%clk 01:31:19] [%emt 00:00:24]} 3... Bg7 {[%clk
01:31:44] [%emt 00:00:06]} 4. Be2 {[%clk 01:31:27] [%emt 00:00:23]} 4... O-O
{[%clk 01:32:05] [%emt 00:00:09]} 5. d4 {[%clk 01:31:10] [%emt 00:00:46]} 5...
d6 {[%clk 01:32:27] [%emt 00:00:09]} 6. O-O {[%clk 01:31:01] [%emt 00:00:39]}
6... c5 {[%clk 01:32:48] [%emt 00:00:08]} 7. c4 {[%clk 01:30:06] [%emt
00:01:26]} 7... e6 {[%clk 01:21:58] [%emt 00:11:20]} 8. Nc3 {[%clk 01:27:28]
[%emt 00:03:08]} 8... cxd4 {[%clk 01:17:07] [%emt 00:05:21]} 9. exd4 {[%clk
01:26:09] [%emt 00:01:49]} 9... Nc6 {[%clk 01:16:34] [%emt 00:01:03]} 10. h3
{[%clk 01:22:01] [%emt 00:04:38]} 10... Re8 {[%clk 01:09:40] [%emt 00:07:23]}
11. Re1 {[%clk 01:18:34] [%emt 00:03:57]} 11... Qb6 {[%clk 00:56:13] [%emt
00:13:56]} 12. Na4 {[%clk 01:13:27] [%emt 00:05:39]} 12... Qc7 {[%clk 00:54:07]
[%emt 00:02:33]} 13. Be3 {[%clk 01:09:08] [%emt 00:04:51]} 13... Ne4 {[%clk
00:47:10] [%emt 00:07:27]} 14. Qc2 {[%clk 01:02:56] [%emt 00:06:42]} 14... Ng3
{[%clk 00:42:43] [%emt 00:04:55]} 15. Bd3 {[%clk 00:59:54] [%emt 00:03:35]}
15... Nb4 {[%clk 00:42:27] [%emt 00:00:46]} 16. Qc3 {[%clk 00:56:29] [%emt
00:03:55]} 16... Nxd3 {[%clk 00:42:29] [%emt 00:00:29]} 17. Qxd3 {[%clk
00:56:33] [%emt 00:00:25]} 17... Nf5 {[%clk 00:42:18] [%emt 00:00:40]} 18. b3
{[%clk 00:54:43] [%emt 00:02:20]} 18... Bd7 {[%clk 00:39:18] [%emt 00:03:30]}
19. Nc3 {[%clk 00:51:34] [%emt 00:03:40]} 19... e5 {[%clk 00:33:29] [%emt
00:06:19]} 20. fxe5 {[%clk 00:47:49] [%emt 00:04:15]} 20... dxe5 {[%clk
00:33:40] [%emt 00:00:19]} 21. dxe5 {[%clk 00:47:55] [%emt 00:00:23]} 21...
Bxe5 {[%clk 00:33:56] [%emt 00:00:14]} 22. Nd5 {[%clk 00:46:26] [%emt
00:02:00]} 22... Qd8 {[%clk 00:33:59] [%emt 00:00:26]} 23. Bg5 {[%clk 00:43:14]
[%emt 00:03:43]} 23... Bd4+ {[%clk 00:25:23] [%emt 00:09:06]} 24. Kh2 {[%clk
00:40:17] [%emt 00:03:27]} 24... f6 {[%clk 00:20:33] [%emt 00:05:20]} 25. Bxf6
{[%clk 00:35:18] [%emt 00:05:29]} 25... Qb8+ {[%clk 00:19:17] [%emt 00:01:42]}
26. Be5 {[%clk 00:27:28] [%emt 00:08:24]} 26... Bxe5+ {[%clk 00:18:30] [%emt
00:01:17]} 27. Nxe5 {[%clk 00:27:09] [%emt 00:00:49]} 27... Kg7 {[%clk
00:17:12] [%emt 00:01:40]} 28. Qc3 {[%clk 00:23:10] [%emt 00:04:37]} 28... Qd6
{[%clk 00:11:25] [%emt 00:06:07]} 29. Kh1 {[%clk 00:22:12] [%emt 00:01:37]}
29... Kf8 {[%clk 00:08:53] [%emt 00:02:59]} 30. Nxd7+ {[%clk 00:20:38] [%emt
00:02:08]} 30... Qxd7 {[%clk 00:08:24] [%emt 00:00:59]} 31. Qh8+ {[%clk
00:20:21] [%emt 00:00:46]} 31... Kf7 {[%clk 00:08:46] [%emt 00:00:08]} 32.
Qxh7+ {[%clk 00:20:28] [%emt 00:00:24]} 32... Ng7 {[%clk 00:09:07] [%emt
00:00:09]} 33. Rf1+ {[%clk 00:20:32] [%emt 00:00:26]} 33... Ke6 {[%clk
00:08:51] [%emt 00:00:43]} 34. Qxg6+ {[%clk 00:20:46] [%emt 00:00:19]} 34...
Ke5 {[%clk 00:08:59] [%emt 00:00:21]} 35. Qf6+ {[%clk 00:20:48] [%emt
00:00:28]} 35... Ke4 {[%clk 00:09:12] [%emt 00:00:16]} 36. Rfe1+ {[%clk
00:20:11] [%emt 00:01:09] Kxd5 [%emt 00:00:23]} 1-0

[Event "DEM U14w 2023"]
[Site "Willingen GER"]
[Date "2023.05.28"]
[Round "1"]
[White "Richter, Johanna"]
[Black "Abram, Kristina-Maria"]
[Result "1-0"]
[Termination "normal"]
[Board "10"]
[WhiteElo "1431"]
[BlackElo "1228"]
[WhiteClock "00:53:12"]
[BlackClock "01:01:02"]
[PlyCount "81"]
[WhiteFideId "16278925"]
[BlackFideId "16298349"]
[EventCountry "GER"]
[EventRounds "9"]
[EventType "swiss"]
[EventDate "2023.05.27"]

1. d4 {[%clk 01:30:58] [%emt 00:00:01]} 1... d5 {[%clk 01:30:49] [%emt
00:00:11]} 2. Nf3 {[%clk 01:31:24] [%emt 00:00:04]} 2... Bf5 {[%clk 01:30:52]
[%emt 00:00:26]} 3. g3 {[%clk 01:31:45] [%emt 00:00:09]} 3... e6 {[%clk
01:30:52] [%emt 00:00:31]} 4. Bg2 {[%clk 01:32:01] [%emt 00:00:13]} 4... c5
{[%clk 01:31:01] [%emt 00:00:22]} 5. O-O {[%clk 01:31:48] [%emt 00:00:43]} 5...
Nc6 {[%clk 01:31:07] [%emt 00:00:24]} 6. c4 {[%clk 01:25:47] [%emt 00:06:32]}
6... dxc4 {[%clk 01:29:57] [%emt 00:01:39]} 7. dxc5 {[%clk 01:26:10] [%emt
00:00:07]} 7... Bxc5 {[%clk 01:29:16] [%emt 00:01:12]} 8. Nbd2 {[%clk 01:23:46]
[%emt 00:02:52]} 8... Nf6 {[%clk 01:23:11] [%emt 00:06:36]} 9. Nxc4 {[%clk
01:22:40] [%emt 00:01:35]} 9... Nb4 {[%clk 01:21:15] [%emt 00:02:26]} 10. Qa4+
{[%clk 01:12:22] [%emt 00:10:46]} 10... Qd7 {[%clk 01:18:27] [%emt 00:03:20]}
11. Qxd7+ {[%clk 01:12:40] [%emt 00:00:13]} 11... Nxd7 {[%clk 01:18:48] [%emt
00:00:08]} 12. Bf4 {[%clk 01:10:38] [%emt 00:02:29]} 12... f6 {[%clk 01:15:21]
[%emt 00:04:00]} 13. Nh4 {[%clk 01:00:43] [%emt 00:07:57]} 13... Nc6 {[%clk
01:12:43] [%emt 00:05:36]} 14. Nxf5 {[%clk 01:01:04] [%emt 00:00:10]} 14...
exf5 {[%clk 01:13:00] [%emt 00:00:13]} 15. Nd6+ {[%clk 01:01:06] [%emt
00:00:28]} 15... Bxd6 {[%clk 01:12:42] [%emt 00:00:48]} 16. Bxd6 {[%clk
01:01:30] [%emt 00:00:06]} 16... Rd8 {[%clk 01:12:16] [%emt 00:00:55]} 17. Rfd1
{[%clk 01:00:07] [%emt 00:01:53]} 17... h5 {[%clk 01:10:30] [%emt 00:02:15]}
18. Rac1 {[%clk 01:00:21] [%emt 00:00:17]} 18... Rc8 {[%clk 01:09:41] [%emt
00:01:19]} 19. Rd2 {[%clk 00:59:47] [%emt 00:01:03]} 19... Kf7 {[%clk 01:07:29]
[%emt 00:02:44]} 20. Bd5+ {[%clk 00:53:57] [%emt 00:06:19]} 20... Kg6 {[%clk
01:05:31] [%emt 00:02:28]} 21. Rdc2 {[%clk 00:52:24] [%emt 00:02:02]} 21...
Rhe8 {[%clk 01:02:39] [%emt 00:03:14]} 22. Kf1 {[%clk 00:51:21] [%emt
00:01:42]} 22... Nde5 {[%clk 00:59:56] [%emt 00:03:13]} 23. Bxe5 {[%clk
00:50:20] [%emt 00:01:32]} 23... fxe5 {[%clk 00:59:49] [%emt 00:00:37]} 24.
Bxc6 {[%clk 00:50:36] [%emt 00:00:14]} 24... bxc6 {[%clk 00:59:58] [%emt
00:00:21]} 25. Rxc6+ {[%clk 00:50:58] [%emt 00:00:08]} 25... Rxc6 {[%clk
01:00:21] [%emt 00:00:07]} 26. Rxc6+ {[%clk 00:51:26] [%emt 00:00:02]} 26...
Kh7 {[%clk 01:00:23] [%emt 00:00:26]} 27. Ra6 {[%clk 00:51:49] [%emt 00:00:09]}
27... Ra8 {[%clk 01:00:00] [%emt 00:00:51]} 28. Ra5 {[%clk 00:52:16] [%emt
00:00:04]} 28... Rb8 {[%clk 01:00:11] [%emt 00:00:19]} 29. b3 {[%clk 00:52:40]
[%emt 00:00:07]} 29... f4 {[%clk 00:59:18] [%emt 00:01:22]} 30. Rxe5 {[%clk
00:53:01] [%emt 00:00:10]} 30... fxg3 {[%clk 00:59:30] [%emt 00:00:17]} 31.
hxg3 {[%clk 00:53:20] [%emt 00:00:11]} 31... Kh6 {[%clk 00:59:36] [%emt
00:00:23]} 32. Ke1 {[%clk 00:53:36] [%emt 00:00:14]} 32... g5 {[%clk 00:59:36]
[%emt 00:00:32]} 33. Re6+ {[%clk 00:53:02] [%emt 00:01:04]} 33... Kg7 {[%clk
00:59:49] [%emt 00:00:14]} 34. Re7+ {[%clk 00:53:29] [%emt 00:00:06]} 34... Kh6
{[%clk 00:59:55] [%emt 00:00:23]} 35. Rxa7 {[%clk 00:53:49] [%emt 00:00:11]}
35... h4 {[%clk 01:00:12] [%emt 00:00:13]} 36. gxh4 {[%clk 00:53:57] [%emt
00:00:22]} 36... gxh4 {[%clk 01:00:27] [%emt 00:00:15]} 37. Kf1 {[%clk
00:53:24] [%emt 00:01:03]} 37... Rg8 {[%clk 01:00:48] [%emt 00:00:09]} 38. Ra4
{[%clk 00:53:25] [%emt 00:00:30]} 38... Kh5 {[%clk 01:00:59] [%emt 00:00:17]}
39. f3 {[%clk 00:52:30] [%emt 00:01:25]} 39... h3 {[%clk 01:01:13] [%emt
00:00:16]} 40. Rg4 {[%clk 00:52:47] [%emt 00:00:13]} 40... h2 {[%clk 01:01:02]
[%emt 00:00:42]} 41. Kg2 {[%clk 00:53:12] [%emt 00:00:05]} 1-0